000 nam a22 a 4500
999 _c3383
_d3383
005 20170522125009.0
008 170522b1999 nyu||||| |||| 00| 0 eng d
020 _a007043414X
040 _aAKMAL
082 0 4 _a658.4036 ORS
090 _a658.4036
_bORS
100 1 _aOrsburn, Jack D.
_96838
245 1 4 _aThe new self-directed work teams :
_bmastering the challenge
_cby Jack D. Orsburn and Linda Moran.
250 _a2nd ed.
260 _aNew York :
_bMcGraw-Hill,
_c1999
300 _ap. cm.
_ccm
504 _aIncludes bibliographical references and index.
650 0 _aSelf-directed work teams
_zUnited STates
_96839
700 1 _aMoran, Linda.
_96840
852 4 1 _aBritish Library
_bDSC
942 _2ddc
_cBOOK